00500 a2200181 450000100060000002000150000604000240002110000200004524000340006524500290009930000070012836200090013544000130014465000310015794200070018895201060019599900170030169970 a8526258524 cAnchieta - Itaigara aMurray, Roseana10aPêra, uva ou maçã?lpor10aPêra, uva ou maçã? a550 a2005 1aScipione 4aLiteratura infanto-juvenil cBK 00104070a88.1b88.1d2023-11-21l0o028.5 MUR PÊRp2897/ITAr2023-11-21 20:04:46w2023-11-21yBK c69970d69970